Depression : the way out of our prison /

Wedi'i Gadw mewn:
Manylion Llyfryddiaeth
Prif Awdur: Rowe, Dorothy
Fformat: Llyfr
Iaith:Saesneg
Cyhoeddwyd: London : Routledge, c1996.
Rhifyn:2nd ed.
Pynciau:
Tagiau: Ychwanegu Tag
Dim Tagiau, Byddwch y cyntaf i dagio'r cofnod hwn!

MARC

LEADER 00000cam a22000002a 4500
001 0000005501
003 DAYSTAR
005 20190709020005.0
008 030703s1996 xx 001 0 eng d
040 |a Daystar  |d JWambui 
050 1 |a RC537  |b .R69 
100 1 |a Rowe, Dorothy. 
245 1 0 |a Depression :  |b the way out of our prison /  |c Dorothy Rowe. 
250 |a 2nd ed. 
260 |a London :  |b Routledge,  |c c1996. 
300 |a viii,257 p. 
650 0 |a Depression, Mental. 
908 |a 060412 
942 |c G  |0 3 
952 |0 0  |1 0  |4 0  |6 RC_537_000000000000000_R69_1996  |7 0  |9 69003  |a DUA  |b DUA  |c GC  |d 2017-09-28  |l 3  |o RC537.R69 1996  |p BK021092  |q 2026-04-24  |r 2026-04-08 16:23:58  |s 2026-04-08  |w 2017-09-28  |x 42059  |y G 
952 |0 0  |1 0  |4 0  |6 RC_537_000000000000000_R69_1996  |7 0  |9 69004  |a DUN  |b DUN  |c GC  |d 2017-09-28  |l 5  |m 1  |o RC537.R69 1996  |p BK038561  |q 2026-04-29  |r 2026-03-27 11:37:51  |s 2026-03-27  |t c.2  |w 2017-09-28  |x 42060  |y G 
995 |a Daystar 
999 |c 36179  |d 36179